NEOBIOTA: Towards a Synthesis : 5th European conference on biological invasions : Prague (Czech Republic), 23.-26. September 2008 : book of abstracts /

Další autoři: NEOBIOTA 2008 - Towards a Synthesis, Pyšek, Petr, 1958-, Pergl, Jan, 1977-
Jazyk: Angličtina
Vydáno: Průhonice : Institute of Botany, Academy of Sciences of the Czech Republic, 2008
Témata:
Fyzický popis: 250 s. : il., mapy ; 30 cm
Knihy
Uloženo v:
LEADER 01644nam a2200421 a 4500
001 nkc20081820307
003 CZ PrNK
005 20090129143511.0
007 ta
008 081107s2008 xr ab f 101 0 eng
015 |a cnb001820307 
020 |a 978-80-86188-29-4  |q (brož.)  |z 978-80-86188-29 
035 |a (OCoLC)316298674 
040 |a ABA001  |b cze  |d BOA001 
072 7 |a 57/59  |x Biologické vědy  |2 Konspekt  |9 2 
080 |a 581.524.2  |2 MRF 
080 |a 591.523  |2 MRF 
080 |a (062.534)  |2 MRF 
111 2 |a NEOBIOTA 2008 - Towards a Synthesis  |c (Praha, Česko)  |7 kn20081107018 
245 1 0 |a NEOBIOTA: Towards a Synthesis :  |b 5th European conference on biological invasions : Prague (Czech Republic), 23.-26. September 2008 : book of abstracts /  |c edited by P. Pyšek & J. Pergl 
260 |a Průhonice :  |b Institute of Botany, Academy of Sciences of the Czech Republic,  |c 2008 
300 |a 250 s. :  |b il., mapy ;  |c 30 cm 
500 |a Název z obálky 
504 |a Obsahuje bibliografie a rejstřík 
650 0 7 |a invaze rostlin  |7 ph137710  |2 czenas 
650 0 7 |a invaze živočichů  |7 ph137711  |2 czenas 
650 0 9 |a plant invasion  |2 eczenas 
650 0 9 |a animal invasion  |2 eczenas 
655 7 |a sborníky konferencí  |7 fd133333  |2 czenas 
655 9 |a proceedings of conferences  |2 eczenas 
700 1 |a Pyšek, Petr,  |d 1958-  |7 xx0002620  |4 edt 
700 1 |a Pergl, Jan,  |d 1977-  |7 mzk2008479483  |4 edt 
910 2 |a BOA001  |b 4-1213.267 
928 9 |a Botanický ústav AV ČR 
990 |a BK 
995 |a 01 
991 |b 200811  |c NOV 
996 6 |b 2610359166  |c 4-1213.267  |l MZK  |r Sklad / do 1 hodiny  |n 0  |p p.v.  |w 000919484  |u 000010  |a 1  |e BOA001  |j MZK50  |s P